000
00206 a2200097 4500
001
43893
100
_a
Ahmed
245
_a
Quid-e-Azam
260
_a
Lahore
_b
Publishers United Ltd
_c
090
_c
27635
_d
27635
942
_a
NUST-CAE
_c
M
_c
19597
999
_c
278966
_d
278966